| 000 | 00382nam a22001457a 4500 | ||
|---|---|---|---|
| 999 |
_c7940 _d7940 |
||
| 003 | OSt | ||
| 005 | 20200609165925.0 | ||
| 008 | 200609b ||||| |||| 00| 0 eng d | ||
| 020 | _a9781568988160 | ||
| 082 |
_a741.6 _bNIC |
||
| 110 | _aNicola Bednarek.(editor) | ||
| 245 | _aIn/visible : graphic data revealed | ||
| 260 |
_aNew York _bPrinceton Architectural Press _c2009 |
||
| 942 | _2ddc | ||